00829nam a22002297a 450000500170000001000110001702000100002803500110003803700160004904000120006508200140007711000560009124501060014726000490025327000420030230000310034465000430037565000220041894200220044099900190046295201180048120170124110249.0 a284245 c00.00 a284245 bCen Lib/Ret aDPLbEN a921bSWA  aInstitute of Social Educationand Recreation 998390 aSwami Vivekanand century celebrations and the seventh shre Ram Krishn mela :bnerendrapur 1963-1964 / bRamkrishn Mission Ashram aWest Bengalc1964 bWest BengalaNarendrapur 24-parganas  avarious pagings c22cm(Hb) aSwami Vivekanand -- Biography 998391 aBiography 97490 2ddccENh921mSWA c135772d135772 00104070aLbLd2015-10-08eCen Lib/Refg0.00l0o921 SWAp284245r2015-10-08 00:00:00t1v0.00w2015-10-08yEN